Statistics for Geography by Letter - Z

Click here to take the quiz!

General Stats

  • This quiz has been taken 47,158 times
    (44,668 since last reset)
  • The average score is 9 of 18

Answer Stats

HintAnswer% Correct
African countryZimbabwe
97%
African countryZambia
95%
Largest city in SwitzerlandZurich
91%
Capital of CroatiaZagreb
84%
Former name of the D.R. CongoZaire
77%
Largest ethnic group of South AfricaZulu
73%
Tanzanian island where Stone Town is locatedZanzibar
53%
River on which Victoria Falls is locatedZambezi
45%
Capital of Aragon, SpainZaragoza
44%
Currency of PolandZłoty
44%
"Mountain", actually a hill,
just outside the walls of Jerusalem
Zion
42%
Ancient Persian religion still
practiced by a very small minority
Zoroastrianism
38%
Copenhagen's islandZealand
33%
Ski resort with a view of the MatterhornZermatt
18%
Tallest mountain in GermanyZugspitze
17%
Musical genre of LouisianaZydeco
17%
5th largest city in CroatiaZadar
14%
Subspecies of "humped" cattle common
in South Asia and Africa
Zebu
13%

Score Distribution

Percentile by Number Answered

Percent of People with Each Score

Your Score History

You have not taken this quiz since the last reset